000 00386nam a2200145Ia 4500
008 231129s1984||||xx |||||||||||||| ||spa||
020 _a84-239-6399-3
040 _bspa
082 _a190.9 R961h
100 _aRussell Bertand
245 0 _aHistoria de la filosofí­a occidental
260 _c1984
264 _aEspasa-Calpe
942 _2ddc
_cBKS
999 _c15119
_d15119